00732nab a2200217 uc450000100070000000500170000700800410002403500110006503500210007604000130009704100080011010000420011824500610016065000300022165000280025165000260027965000290030565000270033470000380036177301150039976213820240201183258.0020718s2001 por  a762138 a(OCoLC)819981215 ccomduadb apor10aSouza Melo, Andreia Augusto4auteaut10aInferencia para parametros do modelo log-logistico duplo aBootstrap (Estadística) aIntervalos de confianza 7aProbabilidades2embne aAnálisis estadístico aModelos estadísticos10aLouzada Neto, Francisco4auteaut0 tRevista de Matematica e Estatistica (Sao Paulo)gVol. 19, Ene.-Dic. 2001, p. 309-324w194811x0102-0811087621